Consultant and Independent Contractor Agreements /
Esta obra aborda el tema de la contratación de profesionales y trabajadores independientes en EUA y los procesos legales que se deben de seguir para evitar problemas comerciales. Aquí se muestran procedimientos para llegar a un acuerdo por escrito, en el cual se definen los alcances del proyecto don...
-д хадгалсан:
| Үндсэн зохиолч: | |
|---|---|
| Формат: | Ном |
| Хэл сонгох: | англи |
| Хэвлэсэн: |
Berkeley, EUA :
Nolo,
2002, c2002
|
| Хэвлэл: | 3a edición |
| Цуврал: | (Law for All ;
3) |
| Нөхцлүүд: | |
| Шошгууд: |
Шошго байхгүй, Энэхүү баримтыг шошголох эхний хүн болох!
|
MARC
| LEADER | 00000nam^a2200000^a^4500 | ||
|---|---|---|---|
| 001 | 000154242 | ||
| 005 | 20250521000000.0 | ||
| 009 | 20260310100347.633 | ||
| 020 | |a 0-87337-900-4 | ||
| 037 | |a Acervo ITESO - Biblioteca | ||
| 041 | |a ING | ||
| 082 | |a 346. 73024 |b FIS | ||
| 100 | |a Fishman, Stephen |e (autor) | ||
| 245 | 1 | 0 | |a Consultant and Independent Contractor Agreements / |c S. Fishman. |
| 250 | |a 3a edición | ||
| 264 | 4 | |a Berkeley, EUA : |b Nolo, |c 2002, c2002 | |
| 300 | |a 1 v. (varias paginaciones) + |e 1 disco compacto de computadora | ||
| 336 | |a texto |b txt |2 rdacontenido | ||
| 337 | |a sin mediación |b n |2 rdamedio | ||
| 338 | |a volumen |b nc |2 rdasoporte | ||
| 440 | 1 | |a (Law for All ; |v 3) | |
| 520 | |a Esta obra aborda el tema de la contratación de profesionales y trabajadores independientes en EUA y los procesos legales que se deben de seguir para evitar problemas comerciales. Aquí se muestran procedimientos para llegar a un acuerdo por escrito, en el cual se definen los alcances del proyecto donde se ubicará a la persona por contratar, los requisitos, derechos y obligaciones y manera de pago, entre otros aspectos. | ||
| 649 | |a XX | ||
| 650 | |a Consultoría de Empresas - |z EUA - |x Tema Principal | ||
| 650 | |a Contratos Laborales - |z EUA - |x Tema Principal | ||
| 650 | |a Subcontratación de Servicios - |z EUA - |x Aspectos Jurídicos | ||
| 650 | |a Negociación y Mediación - |z EUA - |x Aspectos Jurídicos | ||
| 650 | |a Mercado de Trabajo - |z EUA - |x Aspectos Jurídicos | ||
| 650 | |a Relaciones Laborales - |z EUA | ||
| 650 | |a Derecho Laboral - |z EUA | ||
| 650 | |a Economía Laboral | ||
| 910 | |a Fondo General | ||
| 920 | |a Impresos - Libros | ||
| 930 | |a Colección General | ||
| 905 | |a 101 | ||
| 901 | |a 0500086089 |b IT1 |c ACC |u 20250521 | ||
| 901 | |a SFW0001232 |b IT2 |c SWS |u 20250521 | ||
| 902 | |a https://opac.biblio.iteso.mx/vufind/Record/000154242 | ||